000 00598nam a2200193 a 4500
001 000019336
005 20200929170004.0
008 100624s1983 flu 000 p spa d
040 _aDO-SdBNP
_bspa
_cBNPHU
082 _aCu861.42
_bC287e
100 1 _aCarmenate, Ernesto,
_941565
245 1 0 _aEntre las islas del silencio :
_bcuatro formas del aire /
_cErnesto Carmenate.
260 _aMiami, Florida :
_bColor Rite,
_c1983.
300 _a87, [4] p. ;
_c22 cm.
590 _aAutobioagrafiado por el autor
650 4 _aPoesía cubana
_95226
650 4 _aLiteratura cubana
_91483
049 _aBNGR
999 _c18853
_d18853